| 000 | 00893nam a22002177a 4500 | ||
|---|---|---|---|
| 999 |
_c22256 _d22256 |
||
| 003 | AR-CdUCM | ||
| 008 | 190425b ||||| |||| 00| 0 spa d | ||
| 040 |
_aMUNICIPALIDAD PROVINCIAL DEL CUSCO _cBIBLIOTECA MUNICIPAL DEL CUSCO |
||
| 082 | _aSur/N°157/1990 | ||
| 245 |
_aSur : _bsemanario regional surandino / _cGuido Delran Cousy, Director |
||
| 260 |
_aCusco. _bCentro Bartolomé de las Casas, _c1990. |
||
| 300 |
_a8 páginas. : _bilustraciones ; _c29 cm. |
||
| 440 |
_aSur. _nAño XIII, N°157,1990 _947764 |
||
| 505 | _aContenido: Alcaldes del sur no avalan a sus gobiernos regionales. -- Reformar los partidos políticos. -- Debate sobre el crédito agrario. -- Armamentismo carrera contra la historia. ... | ||
| 650 |
_aSociedad cusqueña _947493 |
||
| 650 |
_aPolítica _9291 |
||
| 650 |
_aSiglo XX _947750 |
||
| 700 |
_aRemy, María Isabel _94403 |
||
| 942 |
_2ddc _cPP |
||
| 945 | _arac | ||